|
|
|
|
| LEADER |
01669nam a2200337 a 4500 |
| 001 |
7433 |
| 003 |
BD-DhAAL |
| 005 |
20150818122210.0 |
| 008 |
150818s1992 cau b 001 0 eng |
| 010 |
|
|
|a 91018359
|
| 020 |
|
|
|a 1559340711
|
| 040 |
|
|
|a DLC
|c DLC
|d DLC
|d BD-DhAAL
|
| 050 |
0 |
0 |
|a BJ1012
|b .R82 1991
|
| 082 |
0 |
0 |
|a 170
|2 20
|
| 100 |
1 |
|
|a Ruggiero, Vincent Ryan.
|9 13926
|
| 245 |
1 |
0 |
|a Thinking critically about ethical issues /
|c Vincent Ryan Ruggiero.
|
| 250 |
|
|
|a 3rd ed.
|
| 260 |
|
|
|a Mountain View, Calif. :
|b Mayfield,
|c c1992.
|
| 300 |
|
|
|a xiv, 188 p. ;
|c 24 cm.
|
| 500 |
|
|
|a Rev. ed. of: The moral imperative. 2nd ed. 1984.
|
| 504 |
|
|
|a Includes bibliographical references (p. 175-178) and index.
|
| 541 |
|
|
|e 7433
|
| 650 |
|
0 |
|a Ethics.
|9 13927
|
| 700 |
1 |
|
|a Ruggiero, Vincent Ryan.
|t Moral imperative.
|9 13928
|
| 942 |
|
|
|2 ddc
|c BK
|
| 999 |
|
|
|c 35277
|d 35277
|
| 952 |
|
|
|0 0
|1 0
|2 ddc
|4 0
|6 170_000000000000000_RUG
|7 0
|9 55352
|a SCL
|b SCL
|c GEN
|d 2015-08-18
|g 120.00
|l 0
|o 170 RUG
|p 3020007433
|r 2015-08-18
|t 1
|w 2015-08-18
|y BK
|
| 952 |
|
|
|0 0
|1 0
|2 ddc
|4 0
|6 170_000000000000000_RUG
|7 0
|9 55353
|a SCL
|b SCL
|c GEN
|d 2015-08-18
|g 120.00
|l 2
|o 170 RUG
|p 3020007435
|r 2024-01-27
|s 2024-01-25
|t 2
|w 2015-08-18
|y BK
|
| 952 |
|
|
|0 0
|1 0
|2 ddc
|4 0
|6 170_000000000000000_RUG
|7 0
|9 55354
|a SCL
|b SCL
|c GEN
|d 2015-08-18
|g 120.00
|l 0
|o 170 RUG
|p 3020007434
|r 2015-08-18
|t 3
|w 2015-08-18
|y BK
|
| 952 |
|
|
|0 0
|1 0
|2 ddc
|4 0
|6 170_000000000000000_RUG
|7 0
|9 55355
|a SCL
|b SCL
|c GEN
|d 2015-08-18
|g 120.00
|l 1
|o 170 RUG
|p 3020007432
|r 2022-11-03
|s 2022-10-31
|t 4
|w 2015-08-18
|y BK
|
| 952 |
|
|
|0 0
|1 0
|2 ddc
|4 0
|6 170_000000000000000_RUG
|7 0
|9 55356
|a SCL
|b SCL
|c GEN
|d 2015-08-18
|g 120.00
|l 2
|o 170 RUG
|p 3020007431
|r 2024-02-04
|s 2024-01-26
|t 5
|w 2015-08-18
|y BK
|